| 000 | 00000nam 2200000zi 4500 |
| 001 | 9.889225 |
| 003 | CaOODSP |
| 005 | 20230719094556 |
| 006 | m o d f |
| 007 | cr |n||||||||| |
| 008 | 200710t20202020onc os f000 0 eng d |
| 020 | |a9780660355238 |
| 040 | |aCaOODSP|beng|erda|cCaOODSP |
| 043 | |an-cn--- |
| 086 | 1 |aCi4-183/1-2020E-PDF |
| 245 | 00|a2019-20 annual tracking study : |bfinal report / |cprepared for Immigration, Refugees and Citizenship Canada. |
| 264 | 1|a[Ottawa] : |bImmigration, Refugees and Citizenship Canada = Immigration, Réfugiés et Citoyenneté Canada, |c2020. |
| 264 | 4|c©2020 |
| 300 | |a1 online resource (20 pages) + |eexecutive summary (5 pages) |
| 336 | |atext|btxt|2rdacontent |
| 337 | |acomputer|bc|2rdamedia |
| 338 | |aonline resource|bcr|2rdacarrier |
| 500 | |aIssued also in French under title: Étude de suivi annuelle de 2019-20 : rapport définitif. |
| 500 | |a"Supplier name: Ipsos." |
| 500 | |a"Contract Number: B8815-20-0083/001/CY." |
| 500 | |a"Registration Number: POR 051-19." |
| 650 | 0|aImmigrants|xServices for|zCanada|xPublic opinion|vStatistics. |
| 650 | 0|aCitizenship|zCanada|xPublic opinion|vStatistics. |
| 650 | 0|aPublic opinion|zCanada. |
| 710 | 1 |aCanada. |bImmigration, Refugees and Citizenship Canada, |eissuing body. |
| 710 | 2 |aIpsos (Firm), |eissuing body. |
| 775 | 08|tÉtude de suivi annuelle de 2019-20 : |w(CaOODSP)9.889226 |
| 794 | |t2021-22 annual tracking study : |w(CaOODSP)9.914257 |
| 856 | 40|qPDF|s758 KB|uhttps://publications.gc.ca/collections/collection_2020/ircc/Ci4-183-1-2020-eng.pdf|z(Final report) |
| 856 | 40|qPDF|s482 KB|uhttps://publications.gc.ca/collections/collection_2020/ircc/Ci4-183-1-2020-1-eng.pdf|z(Executive summary) |